000 00303nam a22001337a 4500
020 _a978-0-00-725148-3
082 _a823
_bSTI/G
100 _aSTINE, R L
245 _aNIGHTMARE HOUR
260 _aLONDON
_bHARPER COLLINS
_c2007
300 _a148
650 _aHORROR STORIES
_zUNITED KINGDOM
942 _cBK
999 _c4594
_d4594